|
|
|
|
| LEADER |
01000cam a2200265 c 4500 |
| 001 |
593116089 |
| 003 |
DE-627 |
| 005 |
20260324083151.0 |
| 007 |
tu |
| 008 |
210928s2009 gw ||||| m 00| ||ger c |
| 010 |
|
|
|a 2010395119
|
| 015 |
|
|
|a 09,N11,1534
|2 dnb
|
| 015 |
|
|
|a 09,N11,1534
|2 dnb
|
| 016 |
7 |
|
|a 992868475
|2 DE-101
|
| 020 |
|
|
|a 9783486588842
|q gb. : Eur 39,80 (D)
|9 978-3-486-58884-2
|
| 024 |
3 |
|
|a 9783486588842
|
| 035 |
|
|
|a (DE-627)593116089
|
| 035 |
|
|
|a (DE-603)208767673
|
| 035 |
|
|
|a (DE-576)305034847
|
| 035 |
|
|
|a (DE-599)DNB992868475
|
| 035 |
|
|
|a (OCoLC)419644671
|
| 035 |
|
|
|a (OCoLC)611344045
|
| 035 |
|
|
|a (DE-H357)his36553
|
| 040 |
|
|
|a DE-627
|b ger
|c DE-627
|e rakwb
|
| 041 |
|
|
|a ger
|
| 044 |
|
|
|c XA-DE-BY
|
| 050 |
|
0 |
|a JC599.K4
|
| 072 |
|
7 |
|a HIS037070
|2 bisacsh
|
| 072 |
|
7 |
|a HIS010020
|2 bisacsh
|
| 072 |
|
7 |
|a POL042000
|2 bisacsh
|
| 072 |
|
7 |
|a HIS000000
|2 bisacsh
|
| 082 |
0 |
|
|a 965/.046
|q LOC
|2 23
|
| 082 |
0 |
4 |
|a 960
|
| 084 |
|
|
|a 6,23
|2 ssgn
|
| 084 |
|
|
|a NQ 9300
|q BVB
|2 rvk
|0 (DE-625)rvk/129160:
|
| 084 |
|
|
|a NQ 9380
|q BVB
|2 rvk
|0 (DE-625)rvk/160341:
|
| 084 |
|
|
|a NQ 9410
|q BVB
|2 rvk
|0 (DE-625)rvk/129164:
|
| 084 |
|
|
|a NQ 8816
|2 rvk
|0 (DE-625)rvk/129078:
|
| 084 |
|
|
|a NQ 8893
|2 rvk
|0 (DE-625)rvk/129114:
|
| 084 |
|
|
|a 15.90
|2 bkl
|
| 084 |
|
|
|a 89.91
|2 bkl
|
| 090 |
|
|
|a a
|
| 100 |
1 |
|
|a Klose, Fabian
|d 1976-
|e verfasserin
|0 (DE-588)137152825
|0 (DE-627)590340786
|0 (DE-576)302375244
|4 aut
|
| 245 |
1 |
0 |
|a Menschenrechte im Schatten kolonialer Gewalt
|b die Dekolonisierungskriege in Kenia und Algerien 1945 - 1962
|c Fabian Klose
|
| 264 |
|
1 |
|a München
|b Oldenbourg
|c 2009
|
| 300 |
|
|
|a X, 346 S.
|c 235 mm x 154 mm
|
| 336 |
|
|
|a Text
|b txt
|2 rdacontent
|
| 337 |
|
|
|a ohne Hilfsmittel zu benutzen
|b n
|2 rdamedia
|
| 338 |
|
|
|a Band
|b nc
|2 rdacarrier
|
| 490 |
1 |
|
|a Veröffentlichungen des Deutschen Historischen Instituts London
|v 66
|
| 500 |
|
|
|a Literaturverz. S. 301 - 333
|
| 502 |
|
|
|a Zugl.: München, Univ., Diss., 2007
|
| 648 |
|
7 |
|a Geschichte 1945-1962
|2 gnd
|
| 650 |
|
0 |
|a Human rights
|z Kenya
|
| 650 |
|
0 |
|a Human rights
|z Algeria
|
| 650 |
0 |
7 |
|0 (DE-588)4073624-6
|0 (DE-627)106091999
|0 (DE-576)209190973
|a Kolonialismus
|2 gnd
|
| 650 |
0 |
7 |
|0 (DE-588)4200305-2
|0 (DE-627)105174726
|0 (DE-576)210134569
|a Kolonialkrieg
|2 gnd
|
| 650 |
0 |
7 |
|0 (DE-588)4020832-1
|0 (DE-627)10631663X
|0 (DE-576)208934979
|a Gewalt
|2 gnd
|
| 650 |
|
4 |
|a Dekolonisation
|
| 650 |
|
4 |
|a Kolonialismus
|
| 650 |
|
4 |
|a Kolonialkrieg
|
| 650 |
|
4 |
|a Kolonialgeschichte
|
| 650 |
|
4 |
|a Menschenrechte
|
| 650 |
|
4 |
|a Kenia
|
| 650 |
|
4 |
|a Algerien
|
| 650 |
|
4 |
|a Geschichte, 1945-1962
|
| 650 |
|
4 |
|a Algerienkrieg
|
| 650 |
|
4 |
|a Entkolonisierung
|
| 650 |
|
4 |
|a Gewalt
|
| 650 |
|
4 |
|a Kolonialismus
|
| 650 |
|
4 |
|a Kolonialmacht
|
| 650 |
|
4 |
|a Menschenrecht
|
| 650 |
|
4 |
|a Mau-Mau
|
| 650 |
|
4 |
|a Geschichte 1945-1962
|
| 651 |
|
0 |
|a Kenya
|x History
|y Mau Mau Emergency, 1952-1960
|
| 651 |
|
0 |
|a Algeria
|x History
|y Revolution, 1954-1962
|
| 651 |
|
0 |
|a Great Britain
|x Colonies
|z Africa
|
| 651 |
|
0 |
|a France
|x Colonies
|z Africa
|
| 651 |
|
7 |
|0 (DE-588)4018145-5
|0 (DE-627)106327232
|0 (DE-576)208922857
|a Frankreich
|2 gnd
|
| 651 |
|
7 |
|0 (DE-588)4022153-2
|0 (DE-627)104665513
|0 (DE-576)208942076
|a Großbritannien
|2 gnd
|
| 651 |
|
7 |
|0 (DE-588)4001179-3
|0 (DE-627)104585277
|0 (DE-576)208841598
|a Algerien
|2 gnd
|
| 651 |
|
7 |
|0 (DE-588)4030236-2
|0 (DE-627)106270869
|0 (DE-576)208986553
|a Kenia
|2 gnd
|
| 651 |
|
7 |
|a Algerien
|2 gnd
|
| 651 |
|
7 |
|a Kenia
|2 gnd
|
| 651 |
|
7 |
|a Frankreich
|2 gnd
|
| 651 |
|
7 |
|a Großbritannien
|2 gnd
|
| 655 |
|
7 |
|a Hochschulschrift
|0 (DE-588)4113937-9
|0 (DE-627)105825778
|0 (DE-576)209480580
|2 gnd-content
|
| 689 |
0 |
0 |
|D s
|0 (DE-588)4141868-2
|0 (DE-627)105617148
|0 (DE-576)209714751
|a Algerienkrieg
|2 gnd
|
| 689 |
0 |
1 |
|D s
|0 (DE-588)4070860-3
|0 (DE-627)106099159
|0 (DE-576)209182172
|a Entkolonialisierung
|2 gnd
|
| 689 |
0 |
2 |
|D s
|0 (DE-588)4074725-6
|0 (DE-627)106088556
|0 (DE-576)209195088
|a Menschenrecht
|2 gnd
|
| 689 |
0 |
3 |
|D s
|0 (DE-588)4169145-3
|0 (DE-627)10541218X
|0 (DE-576)209920742
|a Mau-Mau
|2 gnd
|
| 689 |
0 |
4 |
|A z
|2 gnd
|a Geschichte 1945-1962
|
| 689 |
0 |
|
|5 DE-101
|
| 751 |
|
|
|a München
|0 (DE-588)4127793-4
|0 (DE-627)105722073
|0 (DE-576)209596570
|4 uvp
|
| 776 |
0 |
8 |
|i Erscheint auch als
|n Online-Ausgabe
|a Klose, Fabian, 1976 -
|t Menschenrechte im Schatten kolonialer Gewalt
|b 1. Aufl.
|d [s.l.] : Oldenbourg Wissenschaftsverlag GmbH, 2011
|h 1 Online-Ressource (356 Seiten)
|w (DE-627)165563481X
|w (DE-576)405024142
|z 9783486707540
|z 3486588842
|z 9783486588842
|
| 787 |
0 |
8 |
|i Rezensiert in
|a Hardt, Lucas
|t Rezension von Fabian Klose: Menschenrechte im Schatten kolonialer Gewalt. Die Dekolonisierungskriege in Kenia und Algerien 1945–1962
|d 2012
|w (DE-627)1767046197
|
| 810 |
2 |
|
|a Deutsches Historisches Institut London
|t Veröffentlichungen des Deutschen Historischen Instituts London
|v 66
|9 66
|w (DE-627)129437913
|w (DE-576)004643917
|w (DE-600)194248-7
|x 2192-0257
|7 am
|
| 856 |
4 |
2 |
|u http://www.h-net.org/reviews/showrev.php?id=29893
|v 2016-07-13
|x Verlag
|y Book review (H-Net)
|7 1
|
| 856 |
4 |
2 |
|u http://www.sehepunkte.de/2010/01/15581.html
|m V:DE-576;X:Sehepunkte
|q text/html
|v 20180413094738
|3 Rezension
|7 1
|
| 856 |
4 |
2 |
|u https://www.hsozkult.de/publicationreview/id/rezbuecher-13547
|m V:DE-576;X:HSozKult
|q text/html
|v 20180418171720
|3 Rezension
|7 1
|
| 856 |
4 |
2 |
|u https://www.gbv.de/dms/mpib-toc/593116089.pdf
|m V:DE-601
|m B:B-1532
|q pdf/application
|3 Inhaltsverzeichnis
|7 1
|
| 856 |
4 |
2 |
|u http://scans.hebis.de/HEBCGI/show.pl?20876767_toc.pdf
|m V:DE-605
|q application/pdf
|3 Inhaltsverzeichnis
|7 1
|
| 912 |
|
|
|a GBV_ILN_11
|
| 912 |
|
|
|a ISIL_DE-1a
|
| 912 |
|
|
|a SYSFLAG_1
|
| 912 |
|
|
|a GBV_KXP
|
| 912 |
|
|
|a SSG-OPC-ANG
|
| 912 |
|
|
|a SSG-OPC-VOR
|
| 912 |
|
|
|a GBV_ILN_20
|
| 912 |
|
|
|a ISIL_DE-84
|
| 912 |
|
|
|a GBV_ILN_21
|
| 912 |
|
|
|a ISIL_DE-46
|
| 912 |
|
|
|a GBV_ILN_22
|
| 912 |
|
|
|a ISIL_DE-18
|
| 912 |
|
|
|a GBV_ILN_24
|
| 912 |
|
|
|a ISIL_DE-8
|
| 912 |
|
|
|a GBV_ILN_31
|
| 912 |
|
|
|a ISIL_DE-27
|
| 912 |
|
|
|a GBV_ILN_39
|
| 912 |
|
|
|a ISIL_DE-547
|
| 912 |
|
|
|a GBV_ILN_40
|
| 912 |
|
|
|a ISIL_DE-7
|
| 912 |
|
|
|a GBV_ILN_40_i053
|
| 912 |
|
|
|a GBV_ILN_60
|
| 912 |
|
|
|a ISIL_DE-705
|
| 912 |
|
|
|a GBV_ILN_62
|
| 912 |
|
|
|a ISIL_DE-28
|
| 912 |
|
|
|a GBV_ILN_65
|
| 912 |
|
|
|a ISIL_DE-3
|
| 912 |
|
|
|a GBV_ILN_65_a018
|
| 912 |
|
|
|a GBV_ILN_70
|
| 912 |
|
|
|a ISIL_DE-89
|
| 912 |
|
|
|a GBV_ILN_100
|
| 912 |
|
|
|a ISIL_DE-Ma9
|
| 912 |
|
|
|a GBV_ILN_120
|
| 912 |
|
|
|a ISIL_DE-715
|
| 912 |
|
|
|a GBV_ILN_121
|
| 912 |
|
|
|a ISIL_DE-45
|
| 912 |
|
|
|a GBV_ILN_130
|
| 912 |
|
|
|a ISIL_DE-700
|
| 912 |
|
|
|a GBV_ILN_184
|
| 912 |
|
|
|a ISIL_DE-H360
|
| 912 |
|
|
|a GBV_ILN_216
|
| 912 |
|
|
|a ISIL_DE-Bs78
|
| 912 |
|
|
|a GBV_ILN_350
|
| 912 |
|
|
|a ISIL_DE-2795
|
| 912 |
|
|
|a GBV_ILN_350_
|
| 912 |
|
|
|a GBV_ILN_636
|
| 912 |
|
|
|a ISIL_DE-H357
|
| 912 |
|
|
|a GBV_ILN_754
|
| 912 |
|
|
|a ISIL_DE-B1532
|
| 912 |
|
|
|a GBV_ILN_2002
|
| 912 |
|
|
|a ISIL_DE-21-106
|
| 912 |
|
|
|a GBV_ILN_2003
|
| 912 |
|
|
|a ISIL_DE-25
|
| 912 |
|
|
|a GBV_ILN_2005
|
| 912 |
|
|
|a ISIL_DE-291-313
|
| 912 |
|
|
|a GBV_ILN_2006
|
| 912 |
|
|
|a ISIL_DE-14
|
| 912 |
|
|
|a GBV_ILN_2007
|
| 912 |
|
|
|a ISIL_DE-352
|
| 912 |
|
|
|a GBV_ILN_2008
|
| 912 |
|
|
|a ISIL_DE-24
|
| 912 |
|
|
|a GBV_ILN_2009
|
| 912 |
|
|
|a ISIL_DE-180
|
| 912 |
|
|
|a GBV_ILN_2010
|
| 912 |
|
|
|a ISIL_DE-15
|
| 912 |
|
|
|a GBV_ILN_2011
|
| 912 |
|
|
|a ISIL_DE-16
|
| 912 |
|
|
|a GBV_ILN_2012
|
| 912 |
|
|
|a ISIL_DE-16-34
|
| 912 |
|
|
|a GBV_ILN_2020
|
| 912 |
|
|
|a ISIL_DE-Ch1
|
| 912 |
|
|
|a GBV_ILN_2030
|
| 912 |
|
|
|a ISIL_DE-77
|
| 912 |
|
|
|a GBV_ILN_2031
|
| 912 |
|
|
|a ISIL_DE-Lg1
|
| 912 |
|
|
|a GBV_ILN_2042
|
| 912 |
|
|
|a ISIL_DE-M504175
|
| 912 |
|
|
|a GBV_ILN_2121
|
| 912 |
|
|
|a ISIL_DE-He79
|
| 912 |
|
|
|a GBV_ILN_2127
|
| 912 |
|
|
|a ISIL_DE-Frei164
|
| 912 |
|
|
|a GBV_ILN_2428
|
| 912 |
|
|
|a ISIL_DE-L325
|
| 912 |
|
|
|a GBV_ILN_2493
|
| 912 |
|
|
|a ISIL_DE-1971
|
| 935 |
|
|
|i sf
|
| 935 |
|
|
|i Blocktest
|
| 936 |
r |
v |
|a NQ 9300
|b Einzelbeiträge
|k Geschichte
|k Geschichte seit 1918
|k Weltgeschichte des Kolonialismus und Imperialismus (übergreifend)
|k Einzelbeiträge
|0 (DE-627)1271473216
|0 (DE-625)rvk/129160:
|0 (DE-576)201473216
|
| 936 |
r |
v |
|a NQ 9380
|b Kolonialismus nach 1918
|k Geschichte
|k Geschichte seit 1918
|k Weltgeschichte des Kolonialismus und Imperialismus (übergreifend)
|k Kolonialismus nach 1918
|0 (DE-627)1551207664
|0 (DE-625)rvk/160341:
|0 (DE-576)48120766X
|
| 936 |
r |
v |
|a NQ 9410
|b England
|k Geschichte
|k Geschichte seit 1918
|k Weltgeschichte des Kolonialismus und Imperialismus (übergreifend)
|k Einzelne Kolonialmächte
|k England
|0 (DE-627)1271443953
|0 (DE-625)rvk/129164:
|0 (DE-576)201443953
|
| 936 |
r |
v |
|a NQ 8816
|b Algerien
|k Geschichte
|k Geschichte seit 1918
|k Geschichte auswärtiger Staaten seit 1945
|k Afrika und Vorderer Orient
|k Nordafrika und Vorderer Orient
|k Einzelne Staaten des Vorderen Orients und Nordafrikas
|k Algerien
|0 (DE-627)1271506572
|0 (DE-625)rvk/129078:
|0 (DE-576)201506572
|
| 936 |
r |
v |
|a NQ 8893
|b Kenia
|k Geschichte
|k Geschichte seit 1918
|k Geschichte auswärtiger Staaten seit 1945
|k Afrika und Vorderer Orient
|k Subsaharisches Afrika
|k Einzelne Staaten
|k Kenia
|0 (DE-627)1271652579
|0 (DE-625)rvk/129114:
|0 (DE-576)201652579
|
| 936 |
b |
k |
|a 15.90
|j Afrika: Allgemeines
|x Geschichte
|0 (DE-627)106405349
|
| 936 |
b |
k |
|a 89.91
|j Imperialismus
|0 (DE-627)106418300
|
| 936 |
s |
n |
|a n100
|2 mzub
|
| 951 |
|
|
|a BO
|
| 953 |
|
|
|2 045F
|a 965/.046
|u https://www.gbv.de/dms/ddc/965.046.pdf
|
| 980 |
|
|
|2 11
|1 00
|x DE-1a
|y UFa-nwa
|
| 980 |
|
|
|2 11
|1 01
|x 0001
|b 948346590
|c 00
|f 2
|d 1 A 742252
|e z
|j --%%--
|k Verlust
|y k
|z 30-10-09
|
| 980 |
|
|
|2 20
|1 01
|x 0084
|b 926880810
|c 00
|f --%%--
|d 2894-6052
|e --%%--
|j --%%--
|y k
|z 21-09-09
|
| 980 |
|
|
|2 21
|1 01
|x 0046
|b 1131563344
|c 00
|f E03
|d a his 843 1k/67
|e u
|j --%%--
|y zza
|z 31-05-10
|
| 980 |
|
|
|2 22
|1 01
|x 0018
|b 94099660X
|c 00
|f SUB-SB
|d A 2009/9029
|e u
|j --%%--
|y zu
|z 14-07-09
|
| 980 |
|
|
|2 24
|1 01
|x 0008
|b 939540827
|c 00
|f 10 gsg 95
|d Bj 7349
|e u
|j --%%--
|h hb
|y zz1
|z 30-06-09
|
| 980 |
|
|
|2 31
|1 01
|x 0027
|b 944899498
|c 00
|f J 23
|d HIS:TR:200:::2009
|e d
|j --%%--
|y z
|z 09-10-09
|
| 980 |
|
|
|2 39
|1 01
|x 0547
|b 940078996
|c 00
|f LS
|d NQ 8893 K66
|e b
|j --%%--
|y zet3
|z 22-09-09
|
| 980 |
|
|
|2 40
|1 01
|x 0007
|b 925748390
|c 00
|f BBK-HIST
|d W III 1842
|e i
|j --%%--
|y zi053
|z 18-03-09
|
| 980 |
|
|
|2 40
|1 02
|x 0007
|b 940888106
|c 00
|f FMAG
|d 2009 A 26974
|e u
|j --%%--
|y ksn
|z 11-08-09
|
| 980 |
|
|
|2 60
|1 01
|x 0705
|b 923014047
|c 00
|f WOW
|d POL 984 6RC:YD0001
|e u
|j --%%--
|y z
|z 05-11-09
|
| 980 |
|
|
|2 62
|1 01
|x 0028
|b 1492969435
|c 00
|f 28/BB2
|d NQ 8802 K66
|e u
|j --%%--
|h ACQ
|y z
|z 30-07-14
|
| 980 |
|
|
|2 65
|1 01
|x 3/1
|b 93644732X
|c 00
|f Ha 1
|d 09 SA 3076
|e u
|j --%%--
|y k3ssg
|z 26-06-09
|
| 980 |
|
|
|2 65
|1 02
|x 3/18
|b 1534596917
|c 00
|f Ha 18-RVK
|d NQ 8802 100
|e u
|j --%%--
|y ka018
|z 10-04-15
|
| 980 |
|
|
|2 70
|1 90
|x 89/19
|b 927008610
|c 00
|f FBS
|d WM 330 2
|e u
|j --%%--
|y zsa
|z 26-03-09
|
| 980 |
|
|
|2 100
|1 01
|x 3100
|b 918817854
|c 00
|f FH
|d 2009.04303:1
|e u
|j --%%--
|y k
|z 26-10-09
|
| 980 |
|
|
|2 120
|1 01
|x 0715
|b 94182683X
|c 00
|f --%%--
|d pol 065 6aa CT 9936
|e u
|j --%%--
|h alma
|k ds
|y z
|z 31-07-09
|
| 980 |
|
|
|2 121
|1 01
|x 0045
|b 939318423
|c 00
|f --%%--
|d 09-2955
|e u
|j --%%--
|h alma
|y z
|z 29-06-09
|
| 980 |
|
|
|2 130
|1 01
|x 0700
|b 1106168275
|c 00
|f B
|d LKA 5068-312 1
|e u
|j --%%--
|y kb
|z 28-01-10
|
| 980 |
|
|
|2 184
|1 01
|x 3184
|b 1424657105
|c 00
|f OER1
|d V 086 h Klose 2009
|e i
|j --%%--
|y z
|z 08-08-13
|
| 980 |
|
|
|2 216
|1 01
|x 3708
|b 122117780X
|c 00
|f --%%--
|d WH - C 15247
|e u
|j --%%--
|y zwh
|z 25-01-11
|
| 980 |
|
|
|2 350
|1 01
|x 8293
|b 941021289
|c 00
|f MAG1
|d Ad 30 -66
|e i
|j --%%--
|y z
|z 15-07-09
|
| 980 |
|
|
|2 636
|1 01
|x 3014
|b 1497945941
|c 00
|f --%%--
|d His 205/15
|e i
|j --%%--
|y n
|z 16-07-14
|
| 980 |
|
|
|2 754
|1 01
|x 3754
|b 1226092276
|c 00
|f --%%--
|d 2009/1556
|e u
|j --%%--
|y n
|z 01-05-10
|
| 980 |
|
|
|2 2002
|1 01
|x DE-21-106
|b 3219694322
|c 00
|f --%%--
|d H VII Klo F
|e p
|j --%%--
|y l01
|z 24-01-11
|
| 980 |
|
|
|2 2003
|1 01
|x DE-25
|b 321969439X
|c 00
|f --%%--
|d GE 2009/6884
|e --%%--
|j --%%--
|y l01
|z 01-04-09
|
| 980 |
|
|
|2 2005
|1 01
|x DE-291-313
|b 3219694500
|c 00
|f --%%--
|d Pz 473
|e p
|j --%%--
|y l01
|z 10-03-10
|
| 980 |
|
|
|2 2006
|1 01
|x DE-14
|b 3219694594
|c 00
|f --%%--
|d --%%--
|e --%%--
|j --%%--
|y l01
|z 26-06-09
|
| 980 |
|
|
|2 2007
|1 01
|x DE-352
|b 3219694691
|c 00
|f --%%--
|d --%%--
|e --%%--
|j --%%--
|y l01
|z 03-08-09
|
| 980 |
|
|
|2 2008
|1 01
|x DE-24
|b 3219694780
|c 00
|f --%%--
|d 59/9395
|e --%%--
|j --%%--
|c 01
|f Freihand
|d NQ 8816 59/9395
|e --%%--
|j --%%--
|y l01
|z 24-06-09
|
| 980 |
|
|
|2 2009
|1 02
|x DE-180
|b 3478433649
|c 00
|f WEST_UG
|d 2012 A 1299
|e --%%--
|j l
|y l01
|z 21-05-19
|
| 980 |
|
|
|2 2010
|1 01
|x DE-15
|b 3219694896
|c 00
|f --%%--
|d --%%--
|e --%%--
|j --%%--
|y l01
|z 11-05-09
|
| 980 |
|
|
|2 2011
|1 01
|x DE-16
|b 3219695019
|c 00
|f --%%--
|d 2009 A 7296
|e --%%--
|j --%%--
|y l01
|z 04-08-09
|
| 980 |
|
|
|2 2012
|1 02
|x DE-16-34
|b 3219695132
|c 00
|f --%%--
|d Oh 639
|e p
|j --%%--
|y l01
|z 12-10-10
|
| 980 |
|
|
|2 2020
|1 01
|x DE-Ch1
|b 3219695248
|c 00
|f --%%--
|d --%%--
|e --%%--
|j --%%--
|y l01
|z 05-07-10
|
| 980 |
|
|
|2 2030
|1 01
|x DE-77
|b 4893573454
|c 00
|f --%%--
|d 248.267
|e --%%--
|j l
|y l01
|z 28-09-09
|
| 980 |
|
|
|2 2031
|1 01
|x DE-Lg1
|b 3219695299
|c 00
|f --%%--
|d Ges 3bb Klo
|e --%%--
|j l
|y l01
|z 23-10-14
|
| 980 |
|
|
|2 2042
|1 01
|x DE-M504175
|b 3219695388
|c 00
|f --%%--
|d --%%--
|e --%%--
|j n
|y l01
|z 24-01-19
|
| 980 |
|
|
|2 2121
|1 01
|x DE-He79
|b 3219695450
|c 00
|f --%%--
|d 3416 Klos
|e p
|j --%%--
|y l01
|z 15-09-09
|
| 980 |
|
|
|2 2127
|1 01
|x DE-Frei164
|b 3219695515
|c 00
|f --%%--
|d Frei 164: MAG 2015 - 1702
|e p
|j --%%--
|y l01
|z 26-10-15
|
| 980 |
|
|
|2 2428
|1 01
|x DE-L325
|b 3219695566
|c 00
|f --%%--
|d --%%--
|e p
|j --%%--
|y l01
|z 29-05-12
|
| 980 |
|
|
|2 2493
|1 01
|x DE-1971
|b 3933595665
|c 00
|f --%%--
|d Af I 1303
|e p
|j n
|y l01
|z 01-06-21
|
| 982 |
|
|
|2 2002
|1 01
|x DE-21-106
|8 00
|s s
|a Dekolonisierung
|
| 982 |
|
|
|2 2002
|1 01
|x DE-21-106
|8 01
|s s
|a Krieg
|
| 982 |
|
|
|2 2002
|1 01
|x DE-21-106
|8 02
|s s
|a Algerienkrieg
|
| 982 |
|
|
|2 2002
|1 01
|x DE-21-106
|8 03
|s s
|a Mau-Mau-Krieg
|
| 982 |
|
|
|2 2002
|1 01
|x DE-21-106
|8 04
|s s
|a Kolonialgeschichte
|
| 982 |
|
|
|2 2002
|1 01
|x DE-21-106
|8 05
|s s
|a Menschenrechte
|
| 983 |
|
|
|2 21
|1 00
|x DE-46
|8 30
|a his 843 1k
|
| 983 |
|
|
|2 21
|1 00
|x DE-46
|8 31
|a his 918 1k
|
| 983 |
|
|
|2 21
|1 00
|x DE-46
|8 32
|a hit 519.5
|
| 983 |
|
|
|2 21
|1 00
|x DE-46
|8 99
|a 24
|
| 983 |
|
|
|2 24
|1 01
|x 0008
|8 50
|0 (DE-627)057950954
|a gsg 095
|b Kolonialismus
|b Geschichte 1945-
|
| 983 |
|
|
|2 24
|1 01
|x 0008
|8 51
|0 (DE-627)253216389
|a gsh 480.60
|b Ostafrika
|b Geschichte
|
| 983 |
|
|
|2 24
|1 01
|x 0008
|8 52
|0 (DE-627)253208998
|a gsh 435.20
|b Algerien
|b Geschichte
|
| 983 |
|
|
|2 24
|1 01
|x 0008
|8 53
|0 (DE-627)057968705
|a jus 865.1
|b Kolonie
|b Mandat
|
| 983 |
|
|
|2 24
|1 01
|x 0008
|8 60
|0 (DE-627)058572759
|a reg 42.3
|b Algerien
|
| 983 |
|
|
|2 24
|1 01
|x 0008
|8 61
|0 (DE-627)05857381X
|a reg 46
|b Ostafrika
|
| 983 |
|
|
|2 24
|1 01
|x 0008
|8 71
|0 (DE-627)525596674
|a gsh 480
|b Ostafrika
|b Geschichte
|
| 983 |
|
|
|2 24
|1 01
|x 0008
|8 72
|0 (DE-627)525593535
|a gsh 435
|b Nordafrika
|b Geschichte
|
| 983 |
|
|
|2 24
|1 01
|x 0008
|8 73
|0 (DE-627)482257954
|a jus 865
|b Kolonie
|b Mandat
|b Sonstige
|
| 983 |
|
|
|2 39
|1 00
|x DE-547
|8 00
|a NQ 8893
|
| 983 |
|
|
|2 39
|1 00
|x DE-547
|8 01
|a NQ 8816
|
| 983 |
|
|
|2 39
|1 00
|x DE-547
|8 02
|a NQ 9300
|
| 983 |
|
|
|2 40
|1 00
|x DE-7
|8 00
|0 (DE-627)621380857
|a PWR 200
|b Geschichte Kenias
|
| 983 |
|
|
|2 40
|1 00
|x DE-7
|8 01
|0 (DE-627)621380415
|a PWH 250
|b 1962- {Geschichte Algeriens}
|
| 983 |
|
|
|2 60
|1 00
|x DE-705
|8 04
|a POL 984
|
| 983 |
|
|
|2 60
|1 00
|x DE-705
|8 11
|a XC-KE
|
| 983 |
|
|
|2 60
|1 00
|x DE-705
|8 11
|a XC-DZ
|
| 983 |
|
|
|2 65
|1 01
|x 3/1
|8 00
|a ssg3.2.3.5.3
|
| 983 |
|
|
|2 70
|1 00
|x DE-89
|8 40
|a WJ 330
|
| 983 |
|
|
|2 70
|1 00
|x DE-89
|8 41
|a XC 60
|
| 983 |
|
|
|2 100
|1 00
|x DE-Ma9
|8 00
|a F/A 591 Klos
|
| 983 |
|
|
|2 120
|1 00
|x DE-715
|8 00
|a pol 065 6aa
|
| 983 |
|
|
|2 120
|1 00
|x DE-715
|8 01
|a his 851
|
| 983 |
|
|
|2 120
|1 00
|x DE-715
|8 02
|a his 918 ea
|
| 983 |
|
|
|2 120
|1 00
|x DE-715
|8 99
|a ds
|
| 983 |
|
|
|2 120
|1 01
|x 0715
|8 00
|a pol 065 6aa
|
| 983 |
|
|
|2 120
|1 01
|x 0715
|8 00
|a his 851
|
| 983 |
|
|
|2 120
|1 01
|x 0715
|8 00
|a his 918 ea
|
| 983 |
|
|
|2 130
|1 01
|x 0700
|8 00
|a LKA
|
| 983 |
|
|
|2 184
|1 01
|x 3184
|8 00
|a ÖR1
|
| 983 |
0 |
0 |
|2 754
|1 00
|x DE-B1532
|8 00
|a _[ ]2009/1556
|
| 983 |
0 |
0 |
|2 754
|1 00
|x DE-B1532
|8 01
|a _[ ]2009/1556
|
| 983 |
0 |
0 |
|2 754
|1 00
|x DE-B1532
|8 03
|a _[ ]11039134
|
| 984 |
|
|
|2 11
|1 01
|x 0001
|a 148342967010
|
| 984 |
|
|
|2 20
|1 01
|x 0084
|a 84$028946052
|
| 984 |
|
|
|2 21
|1 01
|x 0046
|a 46$0001733648
|
| 984 |
|
|
|2 22
|1 01
|x 0018
|a 939817951
|
| 984 |
|
|
|2 24
|1 01
|x 0008
|a 8$0012206512
|
| 984 |
|
|
|2 31
|1 01
|x 0027
|a 27$024767832
|
| 984 |
|
|
|2 39
|1 01
|x 0547
|a 547$01377428X
|
| 984 |
|
|
|2 40
|1 01
|x 0007
|a 7$22061721X
|
| 984 |
|
|
|2 40
|1 02
|x 0007
|a 7$224063065
|
| 984 |
|
|
|2 60
|1 01
|x 0705
|a 705/0$24351288
|
| 984 |
|
|
|2 62
|1 01
|x 0028
|a 28$013893459
|
| 984 |
|
|
|2 65
|1 01
|x 3/1
|a 3/1$000953474
|
| 984 |
|
|
|2 65
|1 02
|x 3/18
|a 3/18$001361082
|
| 984 |
|
|
|2 70
|1 90
|x 89/19
|a 89$126980748
|
| 984 |
|
|
|2 100
|1 01
|x 3100
|a MA9$006204287
|
| 984 |
|
|
|2 120
|1 01
|x 0715
|a 20814671
|
| 984 |
|
|
|2 121
|1 01
|x 0045
|a 45$18945761
|
| 984 |
|
|
|2 130
|1 01
|x 0700
|a 700$50683121
|
| 984 |
|
|
|2 184
|1 01
|x 3184
|a H360$106410X
|
| 984 |
|
|
|2 216
|1 01
|x 3708
|a BS78$10621814
|
| 984 |
|
|
|2 350
|1 01
|x 8293
|a 8293000646619
|
| 984 |
|
|
|2 754
|1 01
|x 3754
|a 11039134
|
| 984 |
|
|
|2 2011
|1 01
|x DE-16
|a 103006731
|
| 984 |
|
|
|2 2012
|1 02
|x DE-16-34
|a 607849311
|
| 984 |
|
|
|2 2121
|1 01
|x DE-He79
|a 629035032
|
| 985 |
|
|
|2 21
|1 01
|x 0046
|a xo 2067
|
| 985 |
|
|
|2 31
|1 01
|x 0027
|a U 112782
|
| 985 |
|
|
|2 39
|1 01
|x 0547
|a 2009009049
|
| 985 |
|
|
|2 40
|1 01
|x 0007
|a 2009.433
|
| 985 |
|
|
|2 60
|1 01
|x 0705
|a 2009 07588
|
| 985 |
|
|
|2 62
|1 01
|x 0028
|a 2014.19475
|
| 985 |
|
|
|2 65
|1 01
|x 3/1
|a 1S/2009/A3076
|
| 985 |
|
|
|2 65
|1 02
|x 3/18
|a 18G/2015/00252
|
| 985 |
|
|
|2 70
|1 90
|x 89/19
|a FBS 2009-1115
|
| 985 |
|
|
|2 120
|1 01
|x 0715
|a CT 9936
|
| 985 |
|
|
|2 216
|1 01
|x 3708
|a 2011/205
|
| 985 |
|
|
|2 350
|1 01
|x 8293
|a 2009/1552
|
| 985 |
|
|
|2 636
|1 01
|x 3014
|a B-2009/0950
|
| 985 |
|
|
|2 754
|1 01
|x 3754
|a 2009/1556
|
| 985 |
|
|
|2 2002
|1 01
|x DE-21-106
|a 314/2010
|
| 985 |
|
|
|2 2005
|1 01
|x DE-291-313
|a 2010-260
|
| 985 |
|
|
|2 2012
|1 02
|x DE-16-34
|a GE-1001012
|
| 985 |
|
|
|2 2121
|1 01
|x DE-He79
|a 44244empG
|
| 985 |
|
|
|2 2493
|1 01
|x DE-1971
|a 44225/21
|
| 995 |
|
|
|2 24
|1 01
|x 0008
|a hb
|
| 995 |
|
|
|2 62
|1 01
|x 0028
|a ACQ
|
| 995 |
|
|
|2 120
|1 01
|x 0715
|a alma
|
| 995 |
|
|
|2 121
|1 01
|x 0045
|a alma
|
| 998 |
|
|
|2 31
|1 01
|x 0027
|a HIS 200910
|
| 998 |
|
|
|2 40
|1 02
|x 0007
|0 2009-08
|a d
|
| 998 |
|
|
|2 754
|1 01
|x 3754
|0 2010
|a 11-05-10
|
| 998 |
|
|
|2 2002
|1 01
|x DE-21-106
|0 1011
|